| 000 | 00599nam a2200193 a 4500 | ||
|---|---|---|---|
| 005 | 20260206064034.0 | ||
| 008 | 060314s2000 mx r 000 0 spa d | ||
| 035 | _aUPN01000143210 | ||
| 049 | _aCG | ||
| 050 | 4 |
_aGN42 _bD6.3 2002 |
|
| 245 | 0 | 0 |
_a2002 : _bENAH : guía de introducción a las licenciaturas / _cEscuela Nacional de Antropología e Historia. |
| 250 | _a7a ed. | ||
| 260 |
_aMéxico : _cENAH, _c2002. |
||
| 300 | _a214, xxxviii p. | ||
| 650 | 4 |
_aAntropología _xEstudio y enseñanza _94767 |
|
| 650 | 4 |
_aGuías, manuales, etc. _913681 |
|
| 650 | 2 |
_aReglamentos _97584 |
|
| 905 | _aLibro | ||
| 999 |
_c115357 _d115357 |
||